Normal view
MARC view
- DE-COMP-28
Entry Topical Term
001 - CONTROL NUMBER
- control field: 72325
003 - CONTROL NUMBER IDENTIFIER
- control field: NUST
005 - DATE AND TIME OF LATEST TRANSACTION
- control field: 20210628204757.0
008 - FIXED-LENGTH DATA ELEMENTS
- fixed length control field: 210628|| aca||aabn | a|a d
040 ## - CATALOGING SOURCE
- Original cataloging agency: NUST
- Transcribing agency: NUST
150 ## - HEADING--TOPICAL TERM
- Topical term or geographic name entry element: DE-COMP-28
670 ## - SOURCE DATA FOUND
- Source citation: Work cat.: (NUST): ANIS UDDIN,ABBAS,ALI QRAKZAI 72324, PR-SOF-1027-DESIGN AND IMPLEMENTATION OF EMBEDDED COGNITIVE CONTROLLER FOR INTEGRATING MULTIPLE COMMUNICATION, 2010
